000 00480nam a22001817a 4500
003 OSt
005 20250906020003.0
008 250905b |||||||| |||| 00| 0 eng d
020 _a9780080453071
040 _aMUST
_cDDC
082 _aWW 140 S32e 2008
100 _aSteel, Chris
_919377
245 _aEye Essential/
_bDiabetes and The Eye,
300 _axiv,230p.:
_bcol,ill;
_c+18.4cm.
504 _aincludes; index
650 _aHealth Sciences
_95740
942 _2lcc
_cO_SHELF
_01
999 _c9520
_d9520